| 000 | 00584nam a22001577a 4500 | ||
|---|---|---|---|
| 003 | ASAB | ||
| 005 | 20180827062845.0 | ||
| 008 | 180514t xxu||||| |||| 00| 0 eng d | ||
| 040 | _cASAB | ||
| 100 |
_aSaher Tafail-sup-Dr. Nasar-um-Minullah _93990 |
||
| 245 |
_aTH-MS-Identification and Characterization of Glutathione S-transferaso againts Zine Oxide and Titanium Dioxide Nanotoxicity in Lactuca sativa _cSaher Tafail-sup-Dr. Nasar-um-Minullah |
||
| 260 |
_aIslamabad _bASAB NUST _c2014 |
||
| 300 |
_axii, 53 P _b30 cm |
||
| 630 |
_aVirology and Immunology _93991 |
||
| 942 |
_2ddc _cTH |
||
| 999 |
_c480895 _d480895 |
||